[Event "Dunedin New Year op"]
[Site "Dunedin"]
[Date "1999.??.??"]
[Round "4.5"]
[White "Sinton, Peter J"]
[Black "Todd, NN."]
[Result "1-0"]
[WhiteElo "1792"]
[BlackElo "1764"]
[PlyCount "79"]
[EventDate "1999.01.??"]
[EventType "swiss"]
[EventRounds "6"]
[EventCountry "NZL"]
[SourceTitle "EXT 2003"]
[Source "ChessBase"]
[SourceDate "2002.11.25"]
[SourceVersion "1"]
[SourceVersionDate "2002.11.25"]
[SourceQuality "1"]

1. e4 d5 2. exd5 Qxd5 3. Nc3 Qa5 4. d4 c6 5. Nf3 Nf6 6. Bd2 Qc7 7. Be2 Bf5 8. 0-0 e6 9. Ne5 Bd6 10. f4 Nbd7 11. Bf3 0-0 12. Be3 Rfd8 13. Qe1 Nb6 14. Rc1 Nfd5 15. Nxd5 Nxd5 16. Bxd5 cxd5 17. Qg3 Rac8 18. c3 b5 19. a3 a5 20. h4 Qe7 21. Qf2 Rc7 22. g4 Be4 23. g5 f6 24. Nf3 e5 25. dxe5 Bc5 26. Bxc5 Qxc5 27. Qxc5 Rxc5 28. Nd4 Rdc8 29. exf6 gxf6 30. Nb3 R5c7 31. Rfe1 a4 32. Nd4 Rb7 33. Re3 Kf7 34. Rce1 Kg6 35. Rg3 Rf8 36. Rf1 Kh5 37. Kf2 Kxh4 38. Nf3+ Kh5 39. g6 Kh6 40. g7 1-0

[Event "Dunedin New Year op"]
[Site "Dunedin"]
[Date "1999.??.??"]
[Round "6.8"]
[White "Todd, NN."]
[Black "Gold, Hamish R"]
[Result "1/2-1/2"]
[WhiteElo "1764"]
[BlackElo "1546"]
[PlyCount "87"]
[EventDate "1999.01.??"]
[EventType "swiss"]
[EventRounds "6"]
[EventCountry "NZL"]
[SourceTitle "EXT 2003"]
[Source "ChessBase"]
[SourceDate "2002.11.25"]
[SourceVersion "1"]
[SourceVersionDate "2002.11.25"]
[SourceQuality "1"]

1. e4 c5 2. f4 d5 3. exd5 Qxd5 4. Nc3 Qd8 5. Nf3 Nf6 6. d4 cxd4 7. Nxd4 a6 8. Bc4 b5 9. Bb3 Bb7 10. Qd3 Nc6 11. Nxc6 Qxd3 12. cxd3 Bxc6 13. 0-0 g6 14. h3 Bg7 15. a3 0-0 16. Re1 e6 17. Be3 Rfd8 18. Rad1 Nd5 19. Nxd5 Bxd5 20. Bxd5 Rxd5 21. Re2 Rad8 22. Red2 Bd4 23. Kf2 Kg7 24. Bxd4+ Rxd4 25. Ke3 R4d5 26. Rc2 Kf6 27. Rc6 R8d6 28. Rxd6 Rxd6 29. Rc1 g5 30. fxg5+ Kxg5 31. Rc7 Kg6 32. d4 f5 33. g4 f4+ 34. Ke4 f3 35. h4 f2 36. Rc1 Rc6 37. Rf1 Rc2 38. b4 Ra2 39. Ke3 Rxa3+ 40. Kxf2 Rd3 41. Re1 Rxd4 42. Rxe6+ Kf7 43. Rxa6 Rxg4 44. Ra7+ 1/2-1/2

[Event "Dunedin New Year op"]
[Site "Dunedin"]
[Date "1999.??.??"]
[Round "3.6"]
[White "Todd, NN."]
[Black "Heperi, Dallin J N"]
[Result "1/2-1/2"]
[WhiteElo "1764"]
[BlackElo "1613"]
[PlyCount "115"]
[EventDate "1999.01.??"]
[EventType "swiss"]
[EventRounds "6"]
[EventCountry "NZL"]
[SourceTitle "EXT 2003"]
[Source "ChessBase"]
[SourceDate "2002.11.25"]
[SourceVersion "1"]
[SourceVersionDate "2002.11.25"]
[SourceQuality "1"]

1. e4 d5 2. exd5 Nf6 3. d4 e6 4. dxe6 Bxe6 5. Nf3 Bd6 6. Bd3 Qe7 7. 0-0 Nc6 8. Re1 0-0-0 9. c4 h5 10. d5 Nd4 11. dxe6 Nxf3+ 12. Qxf3 Bxh2+ 13. Kxh2 Ng4+ 14. Kg1 Qh4 15. Qg3 Qxg3 16. fxg3 Rxd3 17. Nc3 fxe6 18. Bg5 e5 19. Ne4 Rf8 20. Rf1 Rxf1+ 21. Rxf1 b6 22. Nf2 Rxg3 23. Nxg4 Rxg4 24. Rf5 Rxc4 25. Rxe5 Rc2 26. Rb5 c5 27. Bf4 Kb7 28. Be5 g6 29. Rb3 Re2 30. Bg7 Kc6 31. Rg3 Re6 32. Rg5 Kb5 33. Kf2 Kc4 34. b3+ Kb4 35. Rd5 Ka3 36. Rd2 a5 37. Kf3 a4 38. bxa4 Kxa4 39. Bb2 b5 40. Rd5 c4 41. Rd8 b4 42. Ra8+ Kb5 43. a4+ Kc5 44. Ra5+ Kc6 45. Ra6+ Kd7 46. Rxe6 Kxe6 47. Ke4 c3 48. Bxc3 bxc3 49. Kd3 c2 50. Kxc2 Kd5 51. Kd3 g5 52. a5 g4 53. Ke3 h4 54. a6 Kc6 55. Kf4 h3 56. a7 Kb7 57. Kg3 Kxa7 58. gxh3 1/2-1/2